000
00270nam a2200121Ia 4500
008
190216s9999||||xx |||||||||||||| ||und||
100
_a
Null
245
0
_a
Hindi-Nanamughi Ke Upay
260
_b
Mac Millian And Com. Ltd
300
_a
80
650
_a
Hindi
942
_c
BK
999
_c
15972
_d
15972